[Event "Druga liga CS - zapad 2014"]
[Site "Sabac"]
[Date "2014.09.27"]
[Round "4.2"]
[White "Misic, Dragan"]
[Black "Savicevic, Vlatko"]
[Result "1/2-1/2"]
[WhiteElo "2269"]
[BlackElo "2346"]
[PlyCount "37"]
[EventDate "2014.09.25"]

1. d4 d5 2. Nf3 Nf6 3. c4 e6 4. Nc3 Be7 5. Bg5 h6 6. Bh4 dxc4 7. e3 Nd5 8. Bxe7
Qxe7 9. Bxc4 Nxc3 10. bxc3 O-O 11. O-O b6 12. Ne5 Bb7 13. Be2 Nd7 14. Nxd7 Qxd7
15. Rc1 Rac8 16. f4 Be4 17. Ba6 Rcd8 18. Bd3 Bxd3 19. Qxd3 1/2-1/2

[Event "Druga liga CS - zapad 2014"]
[Site "Sabac"]
[Date "2014.09.27"]
[Round "4.3"]
[White "Biljanic, Ljubomir"]
[Black "Zivkovic, Dejan*"]
[Result "0-1"]
[WhiteElo "2350"]
[BlackElo "2263"]
[PlyCount "92"]
[EventDate "2014.09.25"]

1. d4 Nf6 2. c4 e5 3. e3 Bb4+ 4. Bd2 Bxd2+ 5. Nxd2 exd4 6. exd4 O-O 7. Ngf3
Re8+ 8. Be2 Qe7 9. Rc1 d5 10. Rc3 dxc4 11. Re3 Qb4 12. Rxe8+ Nxe8 13. Bxc4 Nd6
14. Qb3 Nc6 15. O-O Nxc4 16. Qxc4 Qxc4 17. Nxc4 Be6 18. b3 Rd8 19. Rd1 f6 20.
Ne3 Bd5 21. Ne1 Nb4 22. Rd2 a5 23. Nd3 Nc6 24. Nc5 b6 25. Na6 Be4 26. d5 Rd7
27. f3 Bg6 28. Nxc7 Rxc7 29. dxc6 Rxc6 30. Rd8+ Kf7 31. Rd7+ Kf8 32. Kf2 Bb1
33. Rd2 Kf7 34. Nc4 Bf5 {=} 35. Nd6+ Ke6 36. Nb5 Ke7 37. Re2+ Re6 38. Rd2 Re5
39. Nd6 Be6 40. f4 Rc5 41. Ne4 Rc1 42. Ng3 a4 43. Rb2 a3 44. Re2 Kf7 45. Ne4
Kg6 46. Nd6 Bf7 {neèitko} 0-1

[Event "Druga liga CS - zapad 2014"]
[Site "Sabac"]
[Date "2014.09.27"]
[Round "4.4"]
[White "Ignjatovic, Predrag"]
[Black "Djosic, Slavoljub"]
[Result "0-1"]
[WhiteElo "2286"]
[BlackElo "2240"]
[PlyCount "31"]
[EventDate "2014.09.25"]

1. e4 d6 2. d4 Nf6 3. Nc3 Nbd7 4. Be3 c6 5. g3 g6 6. Bg2 Bg7 7. h3 O-O 8. Nge2
e5 9. O-O Qe7 10. g4 h5 11. f3 hxg4 12. fxg4 exd4 13. Nxd4 d5 14. exd5 Nxd5 15.
Nxd5 cxd5 16. Nb5 {neèitko} 0-1

[Event "Druga liga CS - zapad 2014"]
[Site "Sabac"]
[Date "2014.09.27"]
[Round "4.5"]
[White "Dikic, Veljko**"]
[Black "Savic, Dragan"]
[Result "0-1"]
[WhiteElo "1980"]
[BlackElo "2109"]
[PlyCount "108"]
[EventDate "2014.09.25"]

1. e4 e6 2. d4 d5 3. Nd2 Nf6 4. e5 Nfd7 5. Bd3 c5 6. c3 Nc6 7. Ne2 f6 8. Nf4
Qe7 9. exf6 Nxf6 10. Nf3 Qc7 11. O-O Bd6 12. g3 O-O 13. Bc2 cxd4 14. cxd4 Bd7
15. Re1 Rae8 16. Ng5 Bxf4 17. Bxf4 Qb6 18. Bd6 Nxd4 19. Bxf8 Rxf8 20. Bd3 e5
21. Rxe5 h6 22. Nf3 Bg4 23. Re3 Nxf3+ 24. Rxf3 Bxf3 25. Qxf3 Qxb2 26. Rb1 Qxa2
27. Qf5 b6 28. f3 Qd2 29. Ra1 Qe3+ 30. Kg2 a5 31. h4 Re8 32. Ra2 Qe5 33. Qg6
Qe7 34. g4 Qf7 35. Qf5 Kf8 36. g5 hxg5 37. hxg5 Nh5 38. Qxf7+ Kxf7 39. Kf2 Nf4
40. Bb5 Rc8 41. Rd2 Rc5 42. Bd7 Ke7 43. Bf5 Kd6 44. Kg3 Ne6 45. Kg4 a4 46. f4
Rc4 47. Rf2 a3 48. Bxe6 Kxe6 49. g6 Ra4 50. Ra2 Kf6 51. Kh5 b5 52. f5 b4 53.
Kg4 b3+ 54. Kh5 Rh4+ 0-1

[Event "Druga liga CS - zapad 2014"]
[Site "Sabac"]
[Date "2014.09.27"]
[Round "4.6"]
[White "Nenadovic, Ljubisa"]
[Black "Kuzmanovic, Aleksa**"]
[Result "1/2-1/2"]
[WhiteElo "2190"]
[BlackElo "1813"]
[PlyCount "137"]
[EventDate "2014.09.25"]

1. d4 Nf6 2. c4 g6 3. Nc3 d5 4. Bf4 Bg7 5. e3 O-O 6. Rc1 c5 7. Nf3 Qa5 8. Qd2
dxc4 9. Bxc4 Bf5 10. e4 Bg4 11. Ne5 cxd4 12. Qxd4 Nfd7 13. Bd5 Nc6 14. Bxc6
bxc6 15. Nxc6 Qa6 16. Nxe7+ Kh8 17. Qe3 Ne5 18. Bxe5 Bxe5 19. f3 Be6 20. Ned5
Rac8 21. Qe2 Qd6 22. Qd2 Rfd8 23. Rd1 Qc5 24. Qe2 Rb8 25. Qe3 Qa5 26. O-O Rxb2
27. Rd3 Rbb8 28. Rfd1 a6 29. f4 Bxd5 30. Nxd5 Bg7 31. R3d2 Bf8 32. Qd4+ Bg7 33.
Qa7 Rf8 34. e5 Qb5 35. g3 Rb7 36. Qe3 Re8 37. Nc3 Qc6 38. Ne4 Rb4 39. Nd6 Rf8
40. h4 Qb6 41. Qxb6 Rxb6 42. Rc1 Kg8 43. Rc7 Rd8 44. Rdc2 f6 45. Rc8 Rb8 46. e6
Bf8 47. Rxb8 Rxb8 48. Rc8 Rxc8 49. Nxc8 Bc5+ 50. Kg2 f5 51. Kf3 Kf8 52. g4 h5
53. gxh5 gxh5 54. Kg3 Ke8 55. a4 a5 56. Kf3 Kd8 57. e7+ Bxe7 58. Nb6 Bxh4 59.
Nc4 Be1 60. Nd6 Ke7 61. Nxf5+ Kf6 62. Ne3 Bd2 63. Ng2 Kf5 64. Nh4+ Kf6 65. Ke4
Bc1 66. Nf3 Bb2 67. Nh4 Bc1 68. Ng2 Bd2 69. Nh4 1/2-1/2

[Event "Druga liga CS - zapad 2014"]
[Site "Sabac"]
[Date "2014.09.27"]
[Round "4.7"]
[White "Rajevic, Gavrilo"]
[Black "Marjanovic, Ivan D**"]
[Result "1-0"]
[WhiteElo "2268"]
[BlackElo "1749"]
[PlyCount "81"]
[EventDate "2014.09.25"]

1. e4 c6 2. d4 d5 3. exd5 cxd5 4. c4 Nf6 5. Nc3 Nc6 6. Nf3 e6 7. cxd5 exd5 8.
Bb5 Be7 9. O-O O-O 10. Ne5 Qb6 11. Bxc6 bxc6 12. Na4 Qb7 13. Bg5 Bd7 14. Bxf6
gxf6 15. Nxd7 Qxd7 16. Qh5 Rfe8 17. Rad1 Kh8 18. Qxf7 Qg4 19. g3 f5 20. Rfe1
Bf8 21. Rxe8 Qxd1+ 22. Kg2 Rxe8 23. Qxe8 Kg7 24. Qxc6 f4 25. Qd7+ Kf6 26. gxf4
Bb4 27. Qc6+ Kg7 28. Qb7+ Kg6 29. Qxb4 Qg4+ 30. Kf1 Qd1+ 31. Kg2 Qg4+ 32. Kf1
Qd1+ 33. Qe1 Qxa4 34. Qe6+ Kg7 35. Qe5+ Kf8 36. Qh8+ Kf7 37. Qxh7+ Kf6 38. Qh6+
Kf7 39. Qh5+ Ke7 40. a3 Qc2 41. Qe2+ 1-0

[Event "Druga liga CS - zapad 2014"]
[Site "Sabac"]
[Date "2014.09.27"]
[Round "4.1"]
[White "Pantelic, Sasa"]
[Black "Colovic, Dusan"]
[Result "1/2-1/2"]
[WhiteElo "2314"]
[BlackElo "2364"]
[PlyCount "39"]
[EventDate "2014.09.25"]

1. d4 d6 2. Nf3 Bg4 3. Nc3 Nf6 4. e4 e6 5. h3 Bh5 6. Bd3 Be7 7. Qe2 a6 8. e5
dxe5 9. dxe5 Nfd7 10. g4 Bg6 11. Bxg6 hxg6 12. Bd2 c5 13. O-O-O Nc6 14. Kb1 Qc7
15. Bf4 O-O-O 16. h4 Nb6 17. Bg3 Rde8 18. Rhe1 Rd8 19. Ne4 Rxd1+ 20. Qxd1
1/2-1/2

[Event "Druga liga CS - zapad 2014"]
[Site "Sabac"]
[Date "2014.09.27"]
[Round "4.2"]
[White "Jevdjovic, Milorad"]
[Black "Radovanovic, Jovica"]
[Result "1/2-1/2"]
[WhiteElo "2267"]
[BlackElo "2284"]
[PlyCount "49"]
[EventDate "2014.09.25"]

1. e4 c5 2. Nf3 d6 3. d4 cxd4 4. Nxd4 Nf6 5. Nc3 a6 6. g3 e5 7. Nb3 Be7 8. Bg2
O-O 9. a4 Bg4 10. f3 Be6 11. Nd5 Nxd5 12. exd5 Bf5 13. O-O Nd7 14. a5 Rc8 15.
c3 Bg5 16. f4 exf4 17. gxf4 Bf6 18. Be3 Re8 19. Bd4 Be4 20. Qd2 Bxg2 21. Qxg2
Bxd4+ 22. Nxd4 Qf6 23. Kh1 Re3 24. Qg4 Rd8 25. Rad1 {neèitko} 1/2-1/2

[Event "Druga liga CS - zapad 2014"]
[Site "Sabac"]
[Date "2014.09.27"]
[Round "4.3"]
[White "Jesic, Dusan"]
[Black "Baralic, Milan"]
[Result "0-1"]
[WhiteElo "2364"]
[BlackElo "2146"]
[PlyCount "84"]
[EventDate "2014.09.25"]

1. d4 Nf6 2. c4 e6 3. Nf3 d5 4. Nc3 Be7 5. Bg5 Ne4 6. Bxe7 Qxe7 7. cxd5 Nxc3 8.
bxc3 exd5 9. Qb3 c6 10. e3 Be6 11. Bd3 O-O 12. O-O Rc8 13. c4 dxc4 14. Bxc4
Bxc4 15. Qxc4 Nd7 16. Qb3 Nf8 17. Rfc1 Ne6 18. Rc4 Rc7 19. Rac1 Rd8 20. h3 Rd5
21. e4 Rb5 22. Qe3 Rd7 23. d5 cxd5 24. Rc8+ Rd8 25. a4 Ra5 26. Qd2 b6 27. exd5
Nc5 28. Qc3 Kf8 29. Rxd8+ Qxd8 30. Rd1 Qd6 31. Re1 Qd8 32. Ne5 Rxa4 33. Nc6 Qd7
34. Qg3 Re4 35. Rxe4 Nxe4 36. Qb8+ Qe8 37. Qxa7 Nd2 38. Qa3+ Kg8 39. Ne7+ Kf8
40. Nf5+ Kg8 41. Qc1 Ne4 42. Qc6 Nf6 0-1

[Event "Druga liga CS - zapad 2014"]
[Site "Sabac"]
[Date "2014.09.27"]
[Round "4.4"]
[White "Kiproski, Branislav**"]
[Black "Begus, Drasko"]
[Result "1/2-1/2"]
[WhiteElo "2207"]
[BlackElo "2327"]
[PlyCount "71"]
[EventDate "2014.09.25"]

1. d4 Nf6 2. Bg5 Ne4 3. h4 c5 4. dxc5 Qc7 5. Nd2 Nxc5 6. c3 h6 7. Be3 e5 8.
Ngf3 Nc6 9. Nb3 Na4 10. Bc1 d6 11. e4 Be6 12. Nbd4 exd4 13. Qxa4 dxc3 14. bxc3
Be7 15. Be3 O-O 16. Be2 Ne5 17. Bd4 a6 18. h5 Rac8 19. Rb1 Bd7 20. Qd1 Bc6 21.
Qc2 Bf6 22. Nxe5 dxe5 23. Bb6 Qe7 24. O-O Qe6 25. c4 Bd8 26. Be3 Bc7 27. c5
Rcd8 28. Rfd1 Qe7 29. g3 Rxd1+ 30. Rxd1 Rd8 31. Rxd8+ Qxd8 32. Bc4 Qd7 33. f3
Qh3 34. Qh2 Qd7 35. Qc2 Qh3 36. Qh2 1/2-1/2

[Event "Druga liga CS - zapad 2014"]
[Site "Sabac"]
[Date "2014.09.27"]
[Round "4.5"]
[White "Misojcic, Miroslav"]
[Black "Baralic, Nebojsa"]
[Result "0-1"]
[WhiteElo "2243"]
[BlackElo "2267"]
[PlyCount "76"]
[EventDate "2014.09.25"]

1. d4 d5 2. c4 c6 3. cxd5 cxd5 4. Nc3 Nf6 5. Bf4 a6 6. e3 Nc6 7. Bd3 e6 8. Rc1
Bd6 9. Bxd6 Qxd6 10. f4 b5 11. Nf3 Bb7 12. O-O O-O 13. Ne5 Rac8 14. g4 Ne7 15.
Qf3 b4 16. Na4 Ne4 17. Bxe4 dxe4 18. Qe2 Bd5 19. Nc5 Ra8 20. Nc4 Qd8 21. Nd2 f5
22. g5 h6 23. gxh6 gxh6 24. Kh1 Ra7 25. Rg1+ Kh7 26. Rg3 Rg8 27. Rcg1 Rxg3 28.
Rxg3 a5 29. Nc4 Ng6 30. b3 Qf6 31. Nb6 Rg7 32. Qh5 Bc6 33. Qe2 Nh4 34. Qc4 Re7
35. Qe2 Nf3 36. Qg2 Bb5 37. Nc8 Rc7 38. Nd6 Rxc5 0-1

[Event "Druga liga CS - zapad 2014"]
[Site "Sabac"]
[Date "2014.09.27"]
[Round "4.6"]
[White "Puaca, Goran"]
[Black "Urosevic, Zoran"]
[Result "1/2-1/2"]
[WhiteElo "2164"]
[BlackElo "2226"]
[PlyCount "48"]
[EventDate "2014.09.25"]

1. d4 Nf6 2. c4 g6 3. Nc3 Bg7 4. e4 d6 5. f3 O-O 6. Nge2 Na6 7. Be3 e5 8. Qd2
c6 9. d5 cxd5 10. cxd5 Bd7 11. g4 Nc5 12. Ng3 Qa5 13. Rb1 Na4 14. Nb5 Qxd2+ 15.
Kxd2 Bxb5 16. Bxb5 Nb6 17. h4 Nfd7 18. Rhc1 Rfc8 19. Ne2 a6 20. Bd3 Rxc1 21.
Rxc1 Rc8 22. Rc3 Rxc3 23. Nxc3 Bf6 24. Bf2 Bd8 1/2-1/2

[Event "Druga liga CS - zapad 2014"]
[Site "Sabac"]
[Date "2014.09.27"]
[Round "4.7"]
[White "Bojicic, Andjela**"]
[Black "Markovic, Aleksandar**"]
[Result "1/2-1/2"]
[WhiteElo "1811"]
[BlackElo "2155"]
[PlyCount "56"]
[EventDate "2014.09.25"]

1. d4 Nf6 2. c4 g6 3. Nc3 Bg7 4. e4 O-O 5. f3 d6 6. Be3 e5 7. d5 c6 8. Qd2 cxd5
9. cxd5 a6 10. Bd3 Nbd7 11. Nge2 b6 12. O-O Bb7 13. Rac1 Rc8 14. Rc2 Nc5 15. b4
Nxd3 16. Qxd3 Nd7 17. Rfc1 f5 18. Nd1 fxe4 19. fxe4 Qf6 20. Ng3 Rxc2 21. Rxc2
Rb8 22. Rc7 Qd8 23. Qc2 Rc8 24. Rxc8 Qxc8 25. Qxc8+ Bxc8 26. Nb2 b5 27. Kf2 Bf6
28. Ke2 Bd8 1/2-1/2

[Event "Druga liga CS - zapad 2014"]
[Site "Sabac"]
[Date "2014.09.27"]
[Round "4.1"]
[White "Pikula, Dejan"]
[Black "Misailovic, Nebojsa"]
[Result "1/2-1/2"]
[WhiteElo "2458"]
[BlackElo "2309"]
[PlyCount "47"]
[EventDate "2014.09.25"]

1. e4 c5 2. Nf3 Nc6 3. Bb5 g6 4. Bxc6 bxc6 5. O-O Bg7 6. c3 f6 7. d4 cxd4 8.
cxd4 Nh6 9. Nc3 Nf7 10. Re1 O-O 11. h3 d6 12. b3 Bd7 13. Bb2 e5 14. Rc1 Qe7 15.
Ba3 Rad8 16. Qd3 f5 17. dxe5 Nxe5 18. Nxe5 Bxe5 19. exf5 Rxf5 20. Ne4 g5 21.
Ng3 Rf7 22. Bb2 Rdf8 23. Bxe5 dxe5 24. Qc4 {neèitko} 1/2-1/2

[Event "Druga liga CS - zapad 2014"]
[Site "Sabac"]
[Date "2014.09.27"]
[Round "4.2"]
[White "Rajkovic, Mladen**"]
[Black "Brkljaca, Ante"]
[Result "0-1"]
[WhiteElo "2150"]
[BlackElo "2315"]
[PlyCount "48"]
[EventDate "2014.09.25"]

1. e4 e6 2. d4 d5 3. Nd2 Nc6 4. Ngf3 Nf6 5. e5 Nd7 6. Bb5 f6 7. exf6 Qxf6 8.
Nf1 Bd6 9. Ng3 O-O 10. O-O e5 11. dxe5 Ndxe5 12. Qxd5+ Be6 13. Qe4 Nxf3+ 14.
gxf3 Nd4 15. Be2 Rae8 16. Be3 Nxe2+ 17. Nxe2 Bh3 18. Qd5+ Kh8 19. Rfe1 Rxe3 20.
fxe3 Qg6+ 21. Ng3 Bxg3 22. Re2 Bf2+ 23. Kxf2 Qg2+ 24. Ke1 Qh1+ 0-1

[Event "Druga liga CS - zapad 2014"]
[Site "Sabac"]
[Date "2014.09.27"]
[Round "4.3"]
[White "Sorgic, Dragan"]
[Black "Pecinar, Zoran"]
[Result "1/2-1/2"]
[WhiteElo "2255"]
[BlackElo "2177"]
[PlyCount "64"]
[EventDate "2014.09.25"]

1. e4 c5 2. Nf3 d6 3. d4 cxd4 4. Nxd4 Nf6 5. Nc3 g6 6. Be3 Bg7 7. f3 O-O 8. Qd2
Nc6 9. g4 Nxd4 10. Bxd4 Be6 11. O-O-O Qa5 12. Kb1 Rfc8 13. a3 Rab8 14. Bxf6
Bxf6 15. Nd5 Qxd2 16. Nxf6+ Kg7 17. Ne8+ Rxe8 18. Rxd2 Kf6 19. Be2 g5 20. h4 h6
21. Rd4 Ke5 22. Ra4 a6 23. Kc1 Rec8 24. Kd2 Rc5 25. hxg5 hxg5 26. Rh5 Kf6 27.
c3 Rc6 28. Rb4 Rcc8 29. Rb6 Rc6 30. Rb4 Rcc8 31. a4 a5 32. Rb6 Rc6 1/2-1/2

[Event "Druga liga CS - zapad 2014"]
[Site "Sabac"]
[Date "2014.09.27"]
[Round "4.4"]
[White "Radovanovic, Mihajlo**"]
[Black "Nikolic, Dragovan"]
[Result "1/2-1/2"]
[WhiteElo "1964"]
[BlackElo "2258"]
[PlyCount "48"]
[EventDate "2014.09.25"]

1. Nf3 Nf6 2. c4 e6 3. g3 d5 4. d4 c5 5. cxd5 exd5 6. Bg2 Nc6 7. Nc3 h6 8. O-O
Be6 9. b3 Be7 10. Bb2 O-O 11. Rc1 b6 12. dxc5 bxc5 13. Na4 Nd7 14. Ne1 Rc8 15.
Bxd5 Bxd5 16. Qxd5 Nb4 17. Qd2 Nxa2 18. Bxg7 Nxc1 19. Qxh6 f5 20. Qh8+ Kf7 21.
Bxf8 Nxf8 22. Qb2 Qd1 23. Nc3 Qxb3 24. Qxc1 Bf6 1/2-1/2

[Event "Druga liga CS - zapad 2014"]
[Site "Sabac"]
[Date "2014.09.27"]
[Round "4.5"]
[White "Vojinovic, Luka**"]
[Black "Civric, Zdravko"]
[Result "1-0"]
[WhiteElo "2047"]
[BlackElo "2211"]
[PlyCount "111"]
[EventDate "2014.09.25"]

1. d4 Nf6 2. Bg5 e6 3. Nd2 d5 4. e3 Be7 5. Bd3 Nbd7 6. f4 c5 7. c3 Qb6 8. Rb1
Qa5 9. a3 b5 10. b4 cxb4 11. axb4 Qc7 12. Rc1 a6 13. Ngf3 Nb6 14. Nb3 Nc4 15.
Qe2 Ng4 16. Bxe7 Qxe7 17. Bxc4 dxc4 18. Nc5 Nf6 19. e4 Nd7 20. O-O O-O 21. Rfd1
a5 22. Qf2 axb4 23. cxb4 Nf6 24. Ra1 Bb7 25. Qc2 Rxa1 26. Rxa1 Ra8 27. Ra5 Rxa5
28. bxa5 Qc7 29. Qb1 h6 30. a6 Bxa6 31. Nxa6 Qxf4 32. Qe1 Nxe4 33. Nc5 Nf6 34.
Qd2 Qf5 35. Qb2 Nd5 36. Qxb5 c3 37. Qd3 Qf4 38. Nb3 Qc7 39. Ne5 Nb4 40. Qc4 Nd5
41. Qxc7 Nxc7 42. Kf2 Nd5 43. g3 f6 44. Nc4 g5 45. Ke2 g4 46. Ne3 Nxe3 47. Kxe3
h5 48. Kd3 Kf7 49. Kxc3 Kg6 50. Kd3 Kf5 51. Ke3 Kg5 52. Nc5 Kf5 53. Ne4 Kg6 54.
Kf4 Kf7 55. Nc3 Kg6 56. d5 1-0

[Event "Druga liga CS - zapad 2014"]
[Site "Sabac"]
[Date "2014.09.27"]
[Round "4.5"]
[White "Knezevic, Veljko**"]
[Black "Ivanovic, Lazar*"]
[Result "0-1"]
[WhiteElo "1890"]
[BlackElo "1976"]
[PlyCount "83"]
[EventDate "2014.09.25"]

1. d4 Nf6 2. Bf4 d6 3. e3 g6 4. h3 Bg7 5. Nf3 O-O 6. c4 c5 7. Be2 Ne4 8. Nbd2
Qa5 9. O-O Nxd2 10. Nxd2 e5 11. Bg3 Nc6 12. d5 Ne7 13. e4 g5 14. Nf3 h6 15. h4
f6 16. a3 Qc7 17. b4 b6 18. bxc5 Qxc5 19. a4 g4 20. Nd2 f5 21. Nb3 Qc7 22. exf5
Nxf5 23. Rc1 h5 24. Bd3 Bh6 25. Rc2 Qe7 26. a5 Bd7 27. Ra2 Nxh4 28. Qa1 Bg7 29.
Be4 Rac8 30. axb6 axb6 31. Nd2 Nf5 32. Ra7 h4 33. Bxf5 Rxf5 34. Bh2 e4 35. Qa6
Rb8 36. Rb7 Rxb7 37. Qxb7 e3 38. Ne4 exf2+ 39. Kh1 g3 40. Qb8+ Kf7 41. Qxd6 Qe5
42. Qxd7+ 0-1

[Event "Druga liga CS - zapad 2014"]
[Site "Sabac"]
[Date "2014.09.27"]
[Round "4.4"]
[White "Toth, Aleksandar*"]
[Black "Tojagic, Dane"]
[Result "1/2-1/2"]
[WhiteElo "2326"]
[BlackElo "2244"]
[PlyCount "50"]
[EventDate "2014.09.25"]

1. e4 e5 2. Bc4 Nf6 3. d3 Nc6 4. Nf3 Be7 5. Bb3 O-O 6. c3 d6 7. Nbd2 Na5 8. Bc2
c5 9. O-O Qc7 10. Re1 Nc6 11. Nf1 Be6 12. Ng5 Bg4 13. f3 Bd7 14. f4 Bg4 15. Nf3
d5 16. h3 dxe4 17. hxg4 exf3 18. Qxf3 exf4 19. g5 Nd7 20. Bxf4 Bd6 21. Bxd6
Qxd6 22. Ne3 Nde5 23. Qh3 Ng6 24. Rf1 Rae8 25. Nf5 Qc7 1/2-1/2

[Event "Druga liga CS - zapad 2014"]
[Site "Sabac"]
[Date "2014.09.27"]
[Round "4.4"]
[White "Markovic, Dragan P"]
[Black "Krstic, Petar*"]
[Result "1/2-1/2"]
[WhiteElo "2215"]
[BlackElo "2326"]
[PlyCount "75"]
[EventDate "2014.09.25"]

1. e4 d6 2. d4 Nf6 3. Nc3 e5 4. dxe5 dxe5 5. Qxd8+ Kxd8 6. Bc4 Ke8 7. Nf3 Bd6
8. O-O a6 9. a4 Nc6 10. Re1 Nb4 11. Re2 Bg4 12. Nd1 Nh5 13. c3 Bxf3 14. gxf3
Nc6 15. Ne3 Nf4 16. Rc2 g6 17. Nd5 Nxd5 18. Bxd5 Nd8 19. Kh1 c6 20. Bc4 Ke7 21.
Be3 Ne6 22. Rd2 Rad8 23. Rad1 Bc7 24. Kg2 Rxd2 25. Rxd2 f5 26. Rd1 f4 27. Bxe6
Kxe6 28. Bc5 b6 29. Ba3 Rd8 30. Rxd8 Bxd8 31. Kf1 Be7 32. b4 a5 33. bxa5 bxa5
34. Bb2 Bc5 35. Ke2 Kf6 36. Kf1 Kg5 37. Kg2 Kf6 38. Kf1 1/2-1/2

[Event "Druga liga CS - zapad 2014"]
[Site "Sabac"]
[Date "2014.09.27"]
[Round "4.4"]
[White "Djordjev, Bojan*"]
[Black "Milovanovic, Nenad"]
[Result "0-1"]
[WhiteElo "2133"]
[BlackElo "2160"]
[PlyCount "80"]
[EventDate "2014.09.25"]

1. Nf3 Nf6 2. b3 e6 3. Bb2 b6 4. g3 Bb7 5. Bg2 Be7 6. O-O O-O 7. c4 c5 8. Re1
d5 9. Ne5 Qc8 10. cxd5 Bxd5 11. Nf3 Nbd7 12. d3 Qb7 13. Nbd2 Rfd8 14. Qc2 Rac8
15. Rad1 b5 16. Qb1 Nb6 17. e4 Bc6 18. d4 Qa8 19. e5 Nfd7 20. Ne4 c4 21. Nfg5
Nf8 22. Nh3 Ng6 23. Rc1 Bd5 24. bxc4 bxc4 25. Bc3 Na4 26. Ba5 Rf8 27. Qc2 Qc6
28. f4 Rb8 29. Rb1 Rb5 30. Rxb5 Qxb5 31. Bc7 Qc6 32. Bd6 h6 33. Bxe7 Nxe7 34.
Nd6 c3 35. Be4 Rb8 36. Rb1 Rb2 37. Rxb2 cxb2 38. Bh7+ Kf8 39. Qxc6 Nxc6 40. Bb1
Nc3 0-1

[Event "Druga liga CS - zapad 2014"]
[Site "Sabac"]
[Date "2014.09.27"]
[Round "4.4"]
[White "Bojovic, Zoran"]
[Black "Osatovic, Aleksandar*"]
[Result "1/2-1/2"]
[WhiteElo "2083"]
[BlackElo "2053"]
[PlyCount "29"]
[EventDate "2014.09.25"]

1. e4 e5 2. Nf3 Nc6 3. d4 exd4 4. Nxd4 Nf6 5. Nxc6 bxc6 6. Bd3 d5 7. Qe2 Be6 8.
O-O dxe4 9. Bxe4 Nxe4 10. Qxe4 Qd5 11. Qa4 Qb5 12. Nc3 Qxa4 13. Nxa4 O-O-O 14.
Be3 a6 15. Rfd1 1/2-1/2

[Event "Druga liga CS - zapad 2014"]
[Site "Sabac"]
[Date "2014.09.27"]
[Round "4.4"]
[White "Stevanovic, Milos**"]
[Black "Djukic, Sinisa"]
[Result "0-1"]
[WhiteElo "1611"]
[BlackElo "2041"]
[PlyCount "50"]
[EventDate "2014.09.25"]

1. e4 Nf6 2. e5 Nd5 3. c4 Nb6 4. d4 d6 5. f4 g5 6. exd6 exd6 7. fxg5 Nc6 8. b3
Bg7 9. Bb2 Qe7+ 10. Ne2 Qxg5 11. Qd2 Qg6 12. Na3 Bg4 13. O-O-O Bh6 14. Nf4 Bxd1
15. Nxg6 Bxd2+ 16. Kxd2 fxg6 17. Kxd1 Rf8 18. Be2 O-O-O 19. Bg4+ Kb8 20. Nc2
Rde8 21. h4 Ne7 22. h5 Nf5 23. hxg6 hxg6 24. Kd2 Ng3 25. Bf3 Nxh1 0-1

[Event "Druga liga CS - zapad 2014"]
[Site "Sabac"]
[Date "2014.09.27"]
[Round "4.4"]
[White "Radenkovic, Aleksa**"]
[Black "Kikanovic, Zivota"]
[Result "1/2-1/2"]
[WhiteElo "1960"]
[BlackElo "2147"]
[PlyCount "21"]
[EventDate "2014.09.25"]

1. Nc3 d5 2. e4 d4 3. Nce2 e5 4. Ng3 Be7 5. Nf3 Nd7 6. Bb5 c6 7. Ba4 Nc5 8. Bb3
Nxb3 9. axb3 Bd6 10. d3 f6 11. O-O 1/2-1/2

[Event "Druga liga CS - zapad 2014"]
[Site "Sabac"]
[Date "2014.09.27"]
[Round "4.5"]
[White "Bozovic, Nikola"]
[Black "Marceta, Predrag"]
[Result "1/2-1/2"]
[WhiteElo "2289"]
[BlackElo "2285"]
[PlyCount "51"]
[EventDate "2014.09.25"]

1. d4 Nf6 2. c4 c5 3. d5 b5 4. cxb5 a6 5. bxa6 Bxa6 6. Nc3 d6 7. e4 Bxf1 8.
Kxf1 g6 9. g3 Bg7 10. Kg2 O-O 11. Nf3 Nbd7 12. h3 Nb6 13. Re1 Nfd7 14. Bf4 Nc4
15. Qe2 Nce5 16. Nxe5 Nxe5 17. Nb5 Nd7 18. a4 Qb6 19. Ra2 Rfb8 20. b3 Rc8 21.
Rc2 Qb7 22. Rec1 Rcb8 23. Kh2 Rc8 24. Qf3 Rcb8 25. Qe2 Rc8 26. Qf3 1/2-1/2

[Event "Druga liga CS - zapad 2014"]
[Site "Sabac"]
[Date "2014.09.27"]
[Round "4.5"]
[White "Urosevic, Radojko"]
[Black "Lukic, Predrag"]
[Result "1/2-1/2"]
[WhiteElo "2211"]
[BlackElo "2241"]
[PlyCount "52"]
[EventDate "2014.09.25"]

1. e4 e5 2. Nf3 Nc6 3. d4 exd4 4. Nxd4 Nf6 5. Nxc6 bxc6 6. e5 Nd5 7. c4 Bb4+ 8.
Nd2 Nf4 9. a3 Be7 10. Nf3 Ne6 11. Bd3 Nc5 12. Bc2 a5 13. Be3 Ne6 14. O-O O-O
15. Re1 Re8 16. Re2 c5 17. Rd2 c6 18. a4 Qc7 19. Qe2 Rb8 20. Rad1 g6 21. b3 f6
22. exf6 Bxf6 23. Bxc5 Qd8 24. Bd6 Nd4 25. Qd3 Nxf3+ 26. Qxf3 Ra8 {necitko}
1/2-1/2

[Event "Druga liga CS - zapad 2014"]
[Site "Sabac"]
[Date "2014.09.27"]
[Round "4.5"]
[White "Bajevic, Branko"]
[Black "Kurcubic, Aleksandar"]
[Result "1/2-1/2"]
[WhiteElo "2147"]
[BlackElo "2251"]
[PlyCount "62"]
[EventDate "2014.09.25"]

1. c4 Nf6 2. Nc3 e5 3. Nf3 d6 4. g3 Be7 5. Bg2 O-O 6. O-O c6 7. d3 Nbd7 8. Rb1
Re8 9. b4 Bf8 10. e4 a5 11. a3 g6 12. h3 Bg7 13. Be3 axb4 14. axb4 Nf8 15. Qb3
h6 16. Ra1 Be6 17. Rxa8 Qxa8 18. Qb2 Qd8 19. Qc2 Kh7 20. Ne2 Qb8 21. Nh4 Qc8
22. g4 d5 23. Ng3 dxc4 24. dxc4 b5 25. c5 Bc4 26. Rd1 Ne6 27. Bf1 Bxf1 28. Rxf1
Rd8 29. Rd1 Rxd1+ 30. Qxd1 Nf4 31. Kh2 Qe6 1/2-1/2

[Event "Druga liga CS - zapad 2014"]
[Site "Sabac"]
[Date "2014.09.27"]
[Round "4.5"]
[White "Lazic, Miodrag"]
[Black "Dimitrijevic, Milorad"]
[Result "0-1"]
[WhiteElo "2040"]
[BlackElo "2101"]
[PlyCount "106"]
[EventDate "2014.09.25"]

1. e4 e5 2. Nf3 Nc6 3. d4 exd4 4. Bc4 d6 5. Nxd4 Ne5 6. Be2 Nf6 7. Nc3 Bd7 8.
f3 Be7 9. Be3 Nc6 10. Qd2 Nxd4 11. Bxd4 h6 12. O-O-O Be6 13. Kb1 Qd7 14. g4 a6
15. h4 O-O-O 16. g5 hxg5 17. hxg5 Rxh1 18. Rxh1 Ne8 19. Rg1 g6 20. f4 c5 21.
Be3 Nc7 22. Nd5 Nxd5 23. exd5 Bf5 24. Bf3 Re8 25. Qc3 Bd8 26. Rd1 Qb5 27. Bc1
Ba5 28. Qb3 Qxb3 29. axb3 b5 30. Rh1 Kb7 31. Rd1 Kb6 32. Rh1 c4 33. bxc4 bxc4
34. Rd1 Kb5 35. Rf1 Bb4 36. Rg1 a5 37. Bg4 Bxg4 38. Rxg4 c3 39. bxc3 Bxc3 40.
Rg3 Kc4 41. f5 Re1 42. fxg6 fxg6 43. Rd3 a4 44. Re3 Rg1 45. Re6 Kxd5 46. Rxg6
Bd2 47. Ka2 Bxc1 48. Rg8 Rxg5 49. Ra8 Rg4 50. Ra5+ Ke6 51. Kb1 Bd2 52. Ra6 Bc3
53. Ka2 Rg1 0-1

[Event "Druga liga CS - zapad 2014"]
[Site "Sabac"]
[Date "2014.09.27"]
[Round "4.5"]
[White "Zecevic, Igor*"]
[Black "Leontic, Ivica*"]
[Result "1/2-1/2"]
[WhiteElo "1952"]
[BlackElo "2047"]
[PlyCount "119"]
[EventDate "2014.09.25"]

1. d4 d5 2. c4 e6 3. Nc3 Nf6 4. Bg5 Nbd7 5. cxd5 exd5 6. e3 c6 7. Bd3 Be7 8.
Qc2 O-O 9. Nge2 h6 10. Bh4 Ne8 11. Bxe7 Qxe7 12. O-O Ndf6 13. Nf4 Nd6 14. Rae1
Qd8 15. f3 Nde8 16. Qf2 Nc7 17. Bb1 Ne6 18. Nxe6 Bxe6 19. Rd1 Qc7 20. g4 g6 21.
h3 Nh7 22. Qh4 Kg7 23. f4 f5 24. Rd2 Qd8 25. Qg3 Qd7 26. Rg2 Rae8 27. Nd1 Qf7
28. g5 h5 29. Nf2 Rc8 30. Nd3 Rfe8 31. Ne5 Qc7 32. Rc1 Nf8 33. Qe1 Nd7 34. Qb4
Nxe5 35. fxe5 Qe7 36. Qa4 Ra8 37. h4 Rf8 38. Rf2 Qd7 39. Qc2 Rfc8 40. Qd1 Rc7
41. Bd3 Rac8 42. b4 Qe8 43. Qa4 a6 44. Rfc2 Qf7 45. Rf2 Qd7 46. Qd1 Qe8 47. a4
Kg8 48. Rfc2 Qe7 49. Qd2 Qd7 50. Rc5 Qd8 51. Qc2 Bd7 52. b5 axb5 53. axb5 b6
54. Rc3 c5 55. dxc5 Rxc5 56. Qb2 Qe7 57. Rxc5 Rxc5 58. Rxc5 Qxc5 59. Qd4 Qxd4
60. exd4 1/2-1/2